[Event "Junior Online 4NCL Division 4"]
[Site "online"]
[Date "2020.04.23"]
[Round "2.54"]
[White "Laza, Andrei"]
[Black "Sagyaman, Vassily M"]
[Result "1-0"]
[WhiteElo "1315"]
[BlackElo "1232"]
[PlyCount "134"]
[EventDate "2020.04.23"]
[WhiteTeam "Harrow Juniors C"]
[BlackTeam "Warwickshire Bears D"]

1. e4 e5 2. Nf3 Nc6 3. Bc4 Bc5 4. O-O Nf6 5. Ng5 O-O 6. d3 h6 7. Nf3 d6 8. Nc3
Bg4 9. h3 Bh5 10. Be3 Bd4 11. Nd5 Bxb2 12. Rb1 Bd4 13. Rxb7 Rc8 14. c3 Bb6 15.
Nxb6 cxb6 16. Qd2 Ra8 17. Nh4 Na5 18. Nf5 Bg6 19. Bxh6 gxh6 20. Nxh6+ Kh7 21.
Nxf7 Bxf7 22. Rxf7+ Rxf7 23. Bxf7 Kg7 24. Bc4 Nxc4 25. dxc4 Nxe4 26. Qe3 Nf6
27. Qg3+ Kf7 28. h4 Qc7 29. Qg5 Rg8 30. Qf5 Qxc4 31. Rc1 Qxh4 32. g3 Qh5 33.
Qd3 Rh8 34. Kf1 Qh1+ 35. Ke2 Qxc1 36. Qxd6 Qc2+ 37. Ke3 Qxc3+ 38. Ke2 Qc4+ 39.
Ke3 Qxa2 40. Qc7+ Kg6 41. Qxe5 Qb3+ 42. Ke2 Qc2+ 43. Kf3 Rh5 44. Qe6 Qf5+ 45.
Qxf5+ Rxf5+ 46. Ke3 Nd5+ 47. Kd3 Rxf2 48. Kc4 Ne3+ 49. Kb5 Nd5 50. Ka6 Ra2+ 51.
Kb5 a5 52. Kc4 Ne3+ 53. Kb3 Ra1 54. Kb2 Rd1 55. Kb3 Rd5 56. Ka4 b5+ 57. Kxa5
Kf6 58. g4 Nxg4 59. Kb4 Ke6 60. Ka5 Kd6 61. Kb4 Kc6 62. Ka5 Rd4 63. Ka6 b4 64.
Ka5 b3 65. Ka6 b2 66. Ka7 b1=R 67. Ka6 Ra4# 1-0

[Event "Junior Online 4NCL Division 4"]
[Site "online"]
[Date "2020.04.23"]
[Round "2.55"]
[White "Asryan, Kagik"]
[Black "Alexander, Ryan"]
[Result "1-0"]
[WhiteElo "1345"]
[BlackElo "1352"]
[PlyCount "59"]
[EventDate "2020.04.23"]
[WhiteTeam "Harrow Juniors C"]
[BlackTeam "Warwickshire Bears D"]

1. e4 e5 2. d4 f6 3. Bc4 d6 4. Nf3 c6 5. Nc3 Ne7 6. h3 d5 7. Bb3 Be6 8. dxe5
fxe5 9. exd5 cxd5 10. Nxe5 Qd6 11. Bf4 Nbc6 12. Ba4 O-O-O 13. Nxc6 Qxf4 14.
Nxd8 Kxd8 15. O-O Nf5 16. Qd3 Bd6 17. g3 Qh6 18. Rae1 d4 19. Ne4 Bd5 20. Nxd6
Nxd6 21. Qxd4 Bf3 22. Re3 Rf8 23. Qxa7 Qxh3 24. Qb8+ Nc8 25. Rd3+ Ke7 26. Qe5+
Kf7 27. Rxf3+ Kg8 28. Qd5+ Rf7 29. Qxf7+ Kh8 30. Qf8# 1-0

[Event "Junior Online 4NCL Division 4"]
[Site "online"]
[Date "2020.04.23"]
[Round "2.56"]
[White "Vaidyanathan, Adithya"]
[Black "Paul, Alexandre"]
[Result "0-1"]
[WhiteElo "1315"]
[BlackElo "1352"]
[PlyCount "48"]
[EventDate "2020.04.23"]
[WhiteTeam "Warwickshire Bears D"]
[BlackTeam "Harrow Juniors C"]

1. c4 e5 2. b3 Nf6 3. Bb2 Nc6 4. Nc3 Bc5 5. h3 O-O 6. e4 d6 7. Nf3 Be6 8. d3
Nd4 9. Be2 Qe7 10. O-O h6 11. Na4 Nxf3+ 12. Bxf3 Bd4 13. Nc3 h5 14. h4 Ng4 15.
Bxg4 Bxg4 16. Qd2 Qxh4 17. Nd5 Bxb2 18. Qxb2 Qg5 19. Ne3 Bf3 20. g3 h4 21. Nf5
hxg3 22. Nxg3 Qh4 23. Rfe1 Qh3 24. Re3 Qg2# 0-1

[Event "Junior Online 4NCL Division 4"]
[Site "online"]
[Date "2020.04.23"]
[Round "2.57"]
[White "Evans, Daniel"]
[Black "Vaidyanathan, Sathya"]
[Result "1-0"]
[WhiteElo "1270"]
[BlackElo "1292"]
[PlyCount "129"]
[EventDate "2020.04.23"]
[WhiteTeam "Harrow Juniors C"]
[BlackTeam "Warwickshire Bears D"]

1. c4 e5 2. g3 Nf6 3. Bg2 Nc6 4. e3 Bc5 5. Nc3 d6 6. Nge2 Bf5 7. O-O O-O 8. d4
exd4 9. exd4 Bb4 10. d5 Ne5 11. a3 Bxc3 12. Nxc3 Bg4 13. f3 Bf5 14. Bg5 h6 15.
Bf4 Bd3 16. Bxe5 Bxf1 17. Bxf6 Qxf6 18. Qxf1 Rfe8 19. Re1 c6 20. dxc6 bxc6 21.
f4 Qd4+ 22. Kh1 Qf6 23. Bxc6 Rxe1 24. Qxe1 Rc8 25. Nd5 Qd8 26. Ne7+ Kh7 27.
Nxc8 Qxc8 28. Qe4+ g6 29. Bd5 f5 30. Qe7+ Kh8 31. Qf6+ Kh7 32. Bf7 Qc6+ 33. Bd5
Qe8 34. Qf7+ Qxf7 35. Bxf7 a5 36. b4 axb4 37. axb4 Kg7 38. Bd5 Kf8 39. c5 Ke8
40. cxd6 Kd7 41. Bf7 Kxd6 42. Bxg6 Kc6 43. Bxf5 Kb5 44. Kg2 Kxb4 45. Kf3 Kc5
46. Ke4 Kd6 47. h4 Ke7 48. Ke5 Kf7 49. g4 Kg7 50. Ke6 Kg8 51. g5 hxg5 52. hxg5
Kg7 53. Ke7 Kg8 54. Be6+ Kg7 55. Bf7 Kh8 56. f5 Kg7 57. f6+ Kh8 58. Bg8 Kxg8
59. f7+ Kg7 60. f8=Q+ Kg6 61. Qf6+ Kh7 62. Qh6+ Kg8 63. Qe6+ Kh7 64. Kf7 Kh8
65. Qh6# 1-0

[Event "Junior Online 4NCL Division 4"]
[Site "online"]
[Date "2020.04.23"]
[Round "2.58"]
[White "Sagyaman, Vassily M"]
[Black "Laza, Andrei"]
[Result "1-0"]
[WhiteElo "1232"]
[BlackElo "1315"]
[PlyCount "126"]
[EventDate "2020.04.23"]
[WhiteTeam "Warwickshire Bears D"]
[BlackTeam "Harrow Juniors C"]

1. e4 e5 2. Nf3 Nf6 3. Nc3 Nc6 4. Bb5 Be7 5. d3 d6 6. Be3 O-O 7. Qd2 Bg4 8. h3
Bh5 9. g4 Bg6 10. O-O-O a6 11. Bxc6 bxc6 12. g5 Ne8 13. h4 f6 14. h5 Bf7 15. h6
g6 16. gxf6 Nxf6 17. Rhg1 c5 18. Ng5 d5 19. Nxf7 Rxf7 20. Bg5 c6 21. Bxf6 Rxf6
22. exd5 cxd5 23. Qe3 d4 24. Qxe5 dxc3 25. Qxc3 Bf8 26. Rdf1 Rb8 27. Qc4+ Kh8
28. Qc3 c4 29. dxc4 Bb4 30. Qe3 Qa5 31. a3 Bd6 32. Qd4 Bf4+ 33. Kd1 Rd8 34.
Qxd8+ Qxd8+ 35. Ke2 Qd2+ 36. Kf3 Bg5+ 37. Ke4 Qf4+ 38. Kd5 Rd6+ 39. Kc5 Qe5+
40. Kb4 Rb6+ 41. Ka4 Qe8+ 42. Ka5 Rb5+ 43. Ka4 Rc5+ 44. Kb4 Re5 45. Kc3 Qc6 46.
Kb3 Qf3+ 47. Kb4 a5+ 48. Ka4 Qc6+ 49. Kb3 a4+ 50. Kc3 Qc5 51. Rd1 Qxf2 52. Kb4
Qb6+ 53. Kc3 Re3+ 54. Rd3 Bf6+ 55. Kd2 Rxd3+ 56. cxd3 Qxg1 57. Kc2 g5 58. b3 g4
59. bxa4 g3 60. a5 g2 61. a6 Qa7 62. Kd2 g1=Q 63. Ke2 Qaf2# 1-0

[Event "Junior Online 4NCL Division 4"]
[Site "online"]
[Date "2020.04.23"]
[Round "2.61"]
[White "Guha, Anuraag"]
[Black "Kothari, Jai"]
[Result "0-1"]
[WhiteElo "1277"]
[BlackElo "1547"]
[PlyCount "140"]
[EventDate "2020.04.23"]
[WhiteTeam "Warwickshire Bears E"]
[BlackTeam "Woking Warriors"]

1. e4 e6 2. d4 d5 3. e5 c5 4. c3 cxd4 5. cxd4 Bb4+ 6. Bd2 Bxd2+ 7. Nxd2 Ne7 8.
Ngf3 O-O 9. Bd3 Ng6 10. O-O Nc6 11. Bb5 Qb6 12. Qa4 a6 13. Bxc6 bxc6 14. b3 Bb7
15. Rad1 Nf4 16. g3 Ne2+ 17. Kg2 Nc3 18. Qa3 Nxd1 19. Rxd1 Rac8 20. Qc5 Qb5 21.
a4 Qxc5 22. dxc5 a5 23. Nd4 g6 24. Rb1 Ba6 25. b4 Bd3 26. Rb3 Be4+ 27. Nxe4
dxe4 28. bxa5 Rfd8 29. Ne2 Ra8 30. Rb6 Rxa5 31. Rxc6 Rxa4 32. Nc3 Raa8 33. Nxe4
Rac8 34. Ra6 Kg7 35. Kf3 Rd5 36. c6 Rxe5 37. Nd6 Rc7 38. Ne8+ Kf8 39. Nxc7 Ke7
40. Ra7 Kd8 41. Kf4 Rc5 42. Nxe6+ fxe6 43. Rxh7 Rf5+ 44. Kg4 Rxf2 45. c7+ Kc8
46. Rg7 Rxh2 47. Kg5 Rg2 48. Rxg6 Rxg3+ 49. Kf6 Rxg6+ 50. Kxg6 Kxc7 51. Kf6 Kd6
52. Kg5 Ke5 53. Kg6 Kf4 54. Kf6 e5 55. Ke6 e4 56. Kd5 e3 57. Kd4 Kf3 58. Kd3 e2
59. Kd2 Kf2 60. Kc1 e1=Q+ 61. Kb2 Qd2+ 62. Ka3 Qd6+ 63. Kb3 Qc6 64. Ka2 Ke3 65.
Kb2 Kd2 66. Ka3 Kc3 67. Ka2 Qa6+ 68. Kb1 Qd3+ 69. Ka2 Qb5 70. Ka1 Qb2# 0-1

[Event "Junior Online 4NCL Division 4"]
[Site "online"]
[Date "2020.04.23"]
[Round "2.62"]
[White "Phillips, Freddie"]
[Black "Purushothaman, Amitesh"]
[Result "1-0"]
[WhiteElo "1390"]
[BlackElo "1285"]
[PlyCount "122"]
[EventDate "2020.04.23"]
[WhiteTeam "Woking Warriors"]
[BlackTeam "Warwickshire Bears E"]

1. d4 d5 2. c4 c6 3. Nf3 Nf6 4. cxd5 cxd5 5. Nc3 Nc6 6. Bg5 e6 7. e3 Be7 8. Bd3
Ng4 9. Bxe7 Qxe7 10. O-O e5 11. dxe5 Ngxe5 12. Nxe5 Nxe5 13. Bb5+ Bd7 14. Bxd7+
Qxd7 15. Qxd5 Qxd5 16. Nxd5 O-O 17. e4 Rfe8 18. Nc7 Rac8 19. Nxe8 Rxe8 20. Rfd1
g6 21. Rd2 Nc4 22. Rc2 Rxe4 23. Rac1 Nd6 24. f3 Re3 25. Kf2 Re6 26. Re2 Rf6 27.
Kg1 b5 28. Rc6 Kg7 29. Rd2 Nc4 30. Rxf6 Kxf6 31. Rc2 a5 32. b3 Ne5 33. Kf2 b4
34. f4 Nd3+ 35. Ke3 Ne1 36. g3 Nxc2+ 37. Kd3 Ne1+ 38. Ke2 Ng2 39. Kf2 Nxf4 40.
gxf4 Kf5 41. Kf3 h6 42. h4 f6 43. Ke3 g5 44. hxg5 hxg5 45. fxg5 fxg5 46. Kf3
g4+ 47. Kg3 Ke4 48. Kxg4 Kd3 49. Kf5 Kc2 50. Ke5 Kb2 51. Kd5 Kxa2 52. Kc5 Kxb3
53. Kb5 Kc2 54. Kxa5 b3 55. Ka4 b2 56. Ka3 b1=Q 57. Ka4 Kc3 58. Ka5 Kc4 59. Ka6
Kc5 60. Ka7 Kc6 61. Ka8 Qb7# 1-0

[Event "Junior Online 4NCL Division 4"]
[Site "online"]
[Date "2020.04.23"]
[Round "2.63"]
[White "Gibara, Astrid"]
[Black "Wicks, Alexander"]
[Result "0-1"]
[WhiteElo "1187"]
[BlackElo "1285"]
[PlyCount "118"]
[EventDate "2020.04.23"]
[WhiteTeam "Warwickshire Bears E"]
[BlackTeam "Woking Warriors"]

1. e4 d5 2. d3 dxe4 3. dxe4 Qxd1+ 4. Kxd1 e5 5. Nf3 Bg4 6. Be2 Nc6 7. Nc3 Nd4
8. Nxd4 exd4 9. Nd5 Bxe2+ 10. Kxe2 Bd6 11. Bf4 Rc8 12. e5 Bc5 13. Rhe1 Ne7 14.
Nxe7 Bxe7 15. Kf1 O-O 16. Rad1 Bc5 17. a3 Rfe8 18. b4 Bb6 19. a4 a5 20. b5 c6
21. bxc6 Rxc6 22. Re4 Rxc2 23. Rd3 Rc4 24. Rb3 Rb4 25. Rxb4 axb4 26. Bd2 Bc5
27. e6 Rxe6 28. Re1 Rxe1+ 29. Kxe1 g6 30. Kd1 f5 31. Kc2 Kf7 32. Kb3 Ke6 33.
Bxb4 Bxb4 34. Kxb4 Kd5 35. Kb3 Ke4 36. Kc2 g5 37. f3+ Ke3 38. Kd1 Kd3 39. g3 f4
40. gxf4 gxf4 41. h4 h6 42. h5 b6 43. Ke1 Kc2 44. Kf2 d3 45. Ke1 d2+ 46. Kf2
d1=Q 47. Kg2 Qd5 48. Kh3 Qxh5+ 49. Kg2 Kb3 50. a5 bxa5 51. Kf2 a4 52. Kg2 a3
53. Kf2 a2 54. Kg2 a1=Q 55. Kf2 Qh4+ 56. Ke2 Qc3 57. Kf1 Qxf3+ 58. Kg1 Qhg4+
59. Kh2 Qfh3# 0-1

[Event "Junior Online 4NCL Division 4"]
[Site "online"]
[Date "2020.04.23"]
[Round "2.64"]
[White "Seet, Joshua"]
[Black "Vora, Ravi"]
[Result "1-0"]
[WhiteElo "1277"]
[BlackElo "1150"]
[PlyCount "48"]
[EventDate "2020.04.23"]
[WhiteTeam "Woking Warriors"]
[BlackTeam "Warwickshire Bears E"]

1. e4 e6 2. Nf3 d5 3. e5 c5 4. Bb5+ Bd7 5. Be2 Ne7 6. Nc3 Nf5 7. O-O Be7 8. d4
cxd4 9. Nxd4 Nxd4 10. Qxd4 Nc6 11. Qd1 O-O 12. Bf4 Bg5 13. Bg3 Qb6 14. Kh1 Qxb2
15. Qd2 Bxd2 16. Na4 Qxc2 17. Rad1 Qxa4 18. Rxd2 Qa5 19. Rb2 d4 20. Rxb7 Nxe5
21. f4 Qd5 22. Rfb1 d3 23. Bd1 Nc4 24. Bb3 Qxb7 1-0

[Event "Junior Online 4NCL Division 4"]
[Site "online"]
[Date "2020.04.23"]
[Round "2.65"]
[White "Kothari, Jai"]
[Black "Guha, Anuraag"]
[Result "1-0"]
[WhiteElo "1547"]
[BlackElo "1277"]
[PlyCount "49"]
[EventDate "2020.04.23"]
[WhiteTeam "Woking Warriors"]
[BlackTeam "Warwickshire Bears E"]

1. e4 e5 2. Nf3 Nc6 3. Bc4 Nf6 4. d3 Bc5 5. Bg5 O-O 6. O-O Bd4 7. Nxd4 Nxd4 8.
Nc3 h6 9. Bh4 g5 10. Bg3 Nc6 11. Nd5 Nxd5 12. exd5 Nd4 13. Bxe5 Nf5 14. Qh5 Kh7
15. d4 d6 16. Bg3 Nxd4 17. Rad1 Nxc2 18. Bd3+ Kg7 19. Bxc2 f5 20. f4 gxf4 21.
Bxf4 Qf6 22. Rf3 Bd7 23. Rg3+ Kh8 24. Bxh6 Rg8 25. Bg7# 1-0

[Event "Junior Online 4NCL Division 4"]
[Site "online"]
[Date "2020.04.23"]
[Round "2.66"]
[White "Purushothaman, Amitesh"]
[Black "Phillips, Freddie"]
[Result "0-1"]
[WhiteElo "1285"]
[BlackElo "1390"]
[PlyCount "35"]
[EventDate "2020.04.23"]
[WhiteTeam "Warwickshire Bears E"]
[BlackTeam "Woking Warriors"]

1. e4 c5 2. Bc4 e6 3. Nf3 Nc6 4. Nc3 Qc7 5. O-O Nf6 6. Ng5 Be7 7. Qf3 Ne5 8.
Qf4 d6 9. b3 Bd7 10. Bb5 O-O 11. Bxd7 Qxd7 12. Ne2 Ng6 13. Qg3 h6 14. Nf3 Nxe4
15. Qg4 Nf6 16. Qh3 e5 17. Qxd7 Nxd7 18. Bb2 0-1

[Event "Junior Online 4NCL Division 4"]
[Site "online"]
[Date "2020.04.23"]
[Round "2.67"]
[White "Wicks, Alexander"]
[Black "Gibara, Astrid"]
[Result "1-0"]
[WhiteElo "1285"]
[BlackElo "1187"]
[PlyCount "151"]
[EventDate "2020.04.23"]
[WhiteTeam "Woking Warriors"]
[BlackTeam "Warwickshire Bears E"]

1. e4 e5 2. Nf3 Nc6 3. Bb5 Nf6 4. O-O Nxe4 5. Re1 Nd6 6. Bxc6 bxc6 7. Nxe5 Qg5
8. Nf3+ Qe7 9. Rxe7+ Bxe7 10. Qe1 Nf5 11. d3 c5 12. Be3 Bb7 13. Bxc5 Bxf3 14.
gxf3 O-O 15. Bxe7 Nd4 16. Bxf8 Nxf3+ 17. Kf1 Nxe1 18. Kxe1 Rxf8 19. Nc3 Re8+
20. Kf1 c6 21. Ne4 f5 22. Nc5 d6 23. Nb3 c5 24. Re1 Rxe1+ 25. Kxe1 g5 26. Ke2
Kf7 27. Ke3 Ke6 28. f4 g4 29. Kf2 h5 30. Kg3 Kf6 31. h3 gxh3 32. Kxh3 Kg6 33.
Kh4 a6 34. d4 c4 35. Nd2 d5 36. c3 a5 37. b3 Kf6 38. bxc4 dxc4 39. Nxc4 a4 40.
Nb6 a3 41. Nc4 Ke6 42. Nxa3 Kd5 43. Kg5 Ke4 44. Kxh5 Kxf4 45. c4 Ke4 46. Nc2 f4
47. Kg4 Kd3 48. Kxf4 Kxc4 49. Ke5 Kb5 50. Ke6 Kc6 51. d5+ Kc7 52. Ke7 Kb6 53.
d6 Kb5 54. d7 Ka4 55. d8=Q Kb5 56. Qd4 Ka6 57. Qc5 Kb7 58. Qd6 Ka7 59. Nb4 Ka8
60. Qa6+ Kb8 61. Qb6+ Ka8 62. Qd8+ Kb7 63. Nd5 Kc6 64. Qd6+ Kb5 65. Nc7+ Ka4
66. Qb6 Ka3 67. Nb5+ Kb2 68. a4 Kb3 69. a5 Kb4 70. a6 Kb3 71. a7 Kc4 72. a8=Q
Kd3 73. Qc8 Ke2 74. Qc3 Kf1 75. Qc2 Ke1 76. Qg1# 1-0

[Event "Junior Online 4NCL Division 4"]
[Site "online"]
[Date "2020.04.23"]
[Round "2.68"]
[White "Vora, Ravi"]
[Black "Seet, Joshua"]
[Result "0-1"]
[WhiteElo "1150"]
[BlackElo "1277"]
[PlyCount "83"]
[EventDate "2020.04.23"]
[WhiteTeam "Warwickshire Bears E"]
[BlackTeam "Woking Warriors"]

1. d4 d5 2. c4 Nf6 3. cxd5 Nxd5 4. e4 Nf6 5. Nc3 Nc6 6. Nf3 Bg4 7. Bb5 a6 8.
Ba4 e6 9. d5 exd5 10. exd5 Bxf3 11. Qxf3 Bb4 12. dxc6 Rb8 13. cxb7+ Kf8 14. O-O
Qd4 15. Be3 Qg4 16. Qc6 Ne8 17. Bc5+ Kg8 18. Bxb4 Qxb4 19. Rfe1 Qf8 20. Rxe8
Rxe8 21. Qxe8 Qxe8 22. Bxe8 g5 23. b8=Q Kg7 24. Qxc7 Rxe8 25. Qc6 Rb8 26. Qxa6
Rxb2 27. Nd5 Kf8 28. Qd6+ Kg8 29. Qd8+ Kg7 30. Qf6+ Kf8 31. Qxb2 Kg8 32. Nf6+
Kf8 33. Nxh7+ Ke7 34. Qf6+ Kd7 35. Rd1+ Kc7 36. Qc3+ Kb7 37. Rd7+ Kb6 38. Qb4+
Kc6 39. Qd4 g4 40. Qd5+ Kb6 41. Rb7+ Ka6 42. Qb5# 0-1

[Event "Junior Online 4NCL Division 4"]
[Site "online"]
[Date "2020.04.23"]
[Round "2.71"]
[White "Demjan, Denisz"]
[Black "Cham, Alex"]
[Result "1-0"]
[WhiteElo "1345"]
[BlackElo "1307"]
[PlyCount "113"]
[EventDate "2020.04.23"]
[WhiteTeam "Watford 2"]
[BlackTeam "St Albans Early Knights 3"]

1. e4 c6 2. d4 d5 3. e5 Bf5 4. Nf3 e6 5. Bg5 Be7 6. Be3 Qb6 7. b3 f6 8. a4 Bb4+
9. c3 Be7 10. b4 Bxb4 11. cxb4 Qxb4+ 12. Qd2 Qe7 13. Be2 Nd7 14. O-O Be4 15.
Bd3 Bxf3 16. gxf3 fxe5 17. dxe5 Nxe5 18. Qe2 Nf6 19. Bf4 Nxd3 20. Qxd3 O-O 21.
Bg5 Qf7 22. Bh4 e5 23. Qf5 e4 24. fxe4 Nxe4 25. Qxf7+ Rxf7 26. Rd1 g5 27. Bg3
h5 28. Be5 Nxf2 29. Rf1 Nh3+ 30. Kg2 Nf4+ 31. Bxf4 Rxf4 32. Rxf4 gxf4 33. Kf3
Rf8 34. Nc3 d4 35. Ne4 d3 36. Rd1 Rd8 37. Nf6+ Kf7 38. Nxh5 Rd4 39. a5 c5 40.
Nxf4 c4 41. h3 b5 42. h4 d2 43. Ke3 Rd3+ 44. Nxd3 cxd3 45. Kxd3 Kg6 46. Rxd2 b4
47. Rb2 Kh5 48. Rxb4 a6 49. Rb6 Kxh4 50. Rxa6 Kh3 51. Re6 Kh2 52. Re3 Kg1 53.
a6 Kh2 54. a7 Kg2 55. a8=Q+ Kh2 56. Qg8 Kh1 57. Rh3# 1-0

[Event "Junior Online 4NCL Division 4"]
[Site "online"]
[Date "2020.04.23"]
[Round "2.72"]
[White "Ravithas, Abinash"]
[Black "Hurrell, Theo DR"]
[Result "0-1"]
[WhiteElo "1285"]
[BlackElo "1375"]
[PlyCount "50"]
[EventDate "2020.04.23"]
[WhiteTeam "St Albans Early Knights 3"]
[BlackTeam "Watford 2"]

1. e4 e5 2. Nf3 Nc6 3. Bc4 Nf6 4. Nc3 Bc5 5. d3 d6 6. h3 O-O 7. Bg5 h6 8. Bh4
Qe7 9. Nd5 Qd8 10. Nxf6+ gxf6 11. Nd2 Kh8 12. Qf3 Kg7 13. O-O Rg8 14. Qh5 Qe7
15. Qf3 Nd4 16. Qg3+ Kf8 17. Qe3 Nf5 18. Qe2 Nxh4 19. g3 Rxg3+ 20. Kh2 Rxh3+
21. Kg1 f5 22. Nf3 Rxf3 23. Kh2 Qg5 24. Rg1 Qf4+ 25. Kh1 Rh3# 0-1

[Event "Junior Online 4NCL Division 4"]
[Site "online"]
[Date "2020.04.23"]
[Round "2.73"]
[White "George, Seb"]
[Black "Owladi, Dara"]
[Result "1/2-1/2"]
[WhiteElo "1285"]
[BlackElo "1277"]
[PlyCount "144"]
[EventDate "2020.04.23"]
[WhiteTeam "Watford 2"]
[BlackTeam "St Albans Early Knights 3"]

1. e4 e5 2. Nf3 Nc6 3. Bb5 a6 4. Ba4 b5 5. Bb3 a5 6. O-O Bb7 7. a3 a4 8. Ba2
Bc5 9. b4 Bd4 10. Nxd4 Nxd4 11. c3 Nc6 12. d4 exd4 13. cxd4 Nf6 14. Nc3 O-O 15.
e5 Ne8 16. Nxb5 Ba6 17. Bc4 d5 18. Bd3 f6 19. Qe2 fxe5 20. dxe5 Rb8 21. Re1 Rf7
22. Nc3 Bxd3 23. Qxd3 Re7 24. Qxd5+ Qxd5 25. Nxd5 Rxe5 26. Rxe5 Nxe5 27. Bf4
Rb5 28. Nc3 Rb8 29. Bxe5 Rd8 30. Rd1 Rc8 31. Rd7 h6 32. Nd5 c6 33. Ne7+ Kf8 34.
Nxc8 g5 35. Bd6+ Kg8 36. Rd8 h5 37. Rxe8+ Kf7 38. Re5 Kf6 39. Ne7 h4 40. Nxc6
Kg6 41. Nd4 Kf6 42. Nb5 Kg6 43. Nc3 Kf6 44. Nxa4 Kg6 45. b5 Kf6 46. b6 Kg6 47.
b7 Kh5 48. b8=Q Kg4 49. Nc3 Kh5 50. a4 Kg4 51. a5 Kh5 52. a6 Kg4 53. a7 Kh5 54.
a8=Q Kg4 55. Rxg5+ Kxg5 56. Be7+ Kh5 57. Bxh4 Kxh4 58. Qg3+ Kh5 59. Qg5+ Kxg5
60. Qg8+ Kf6 61. Qg5+ Kxg5 62. Ne4+ Kf5 63. g4+ Kxe4 64. h4 Kf4 65. g5 Kf5 66.
Kg2 Kg6 67. h5+ Kxh5 68. Kh3 Kxg5 69. Kg3 Kf5 70. Kf3 Kg5 71. Ke4 Kg4 72. Ke5
Kf3 1/2-1/2

[Event "Junior Online 4NCL Division 4"]
[Site "online"]
[Date "2020.04.23"]
[Round "2.74"]
[White "Demura, Dmitrii"]
[Black "Chadha, Ishaan"]
[Result "1-0"]
[WhiteElo "1142"]
[BlackElo "1262"]
[PlyCount "59"]
[EventDate "2020.04.23"]
[WhiteTeam "St Albans Early Knights 3"]
[BlackTeam "Watford 2"]

1. e4 e5 2. Nf3 d6 3. Bc4 Nf6 4. Nc3 c6 5. d3 d5 6. Bb3 d4 7. Ng5 Qd7 8. Bxf7+
Kd8 9. Bb3 dxc3 10. Nf7+ Ke8 11. Nxh8 cxb2 12. Bxb2 Qd6 13. Nf7 Qe7 14. Bxe5
Be6 15. Bd6 Qxf7 16. Bxf8 Bxb3 17. cxb3 Qxf8 18. O-O Qd6 19. Qe2 h5 20. e5 Kd7
21. exd6 Kxd6 22. d4 Kc7 23. Qe5+ Kc8 24. Rac1 Nbd7 25. Qd6 Kd8 26. Rfe1 Rc8
27. Re7 Rc7 28. Rxg7 Ne8 29. Qe7+ Kc8 30. Qxe8# 1-0

[Event "Junior Online 4NCL Division 4"]
[Site "online"]
[Date "2020.04.23"]
[Round "2.75"]
[White "Cham, Alex"]
[Black "Demjan, Denisz"]
[Result "0-1"]
[WhiteElo "1307"]
[BlackElo "1345"]
[PlyCount "138"]
[EventDate "2020.04.23"]
[WhiteTeam "St Albans Early Knights 3"]
[BlackTeam "Watford 2"]

1. d4 d5 2. Bf4 Nf6 3. e3 Bf5 4. Bd3 Bg4 5. Nf3 Qd7 6. Nbd2 Nc6 7. c3 Bf5 8.
Qc2 Bxd3 9. Qxd3 e6 10. h3 Bd6 11. Ne5 Bxe5 12. dxe5 Nh5 13. Bh2 g6 14. g4 Ng7
15. O-O-O O-O-O 16. f4 Rdf8 17. Ne4 Qe7 18. Nf6 Ne8 19. g5 Nxf6 20. exf6 Qd7
21. e4 Rd8 22. exd5 Qxd5 23. Qg3 Qf5 24. h4 h5 25. Rhf1 Qa5 26. f5 exf5 27. c4
Rhe8 28. Rd5 Rxd5 29. cxd5 Nd4 30. b4 Ne2+ 31. Kd1 Nxg3 32. bxa5 Nxf1 33. Bf4
Ne3+ 34. Kd2 Nxd5 35. Bg3 Rd8 36. Ke2 Nc3+ 37. Kf3 Rd3+ 38. Kf4 Ne2+ 39. Ke5
Rxg3 40. a6 bxa6 41. a4 Rh3 42. a5 Rxh4 43. Kd5 Rg4 44. Kc5 h4 45. Kc6 h3 46.
Kc5 h2 47. Kc6 h1=Q+ 48. Kc5 Qe1 49. Kc6 Rf4 50. Kd5 c6+ 51. Kd6 Rg4 52. Ke7
Kc7 53. Kxf7 Ng3 54. Kg7 Qc3 55. Kg8 Qe5 56. f7 Qe6 57. Kg7 Qxf7+ 58. Kxf7 Rxg5
59. Kf6 Rg4 60. Ke6 Ra4 61. Kf6 f4 62. Kxg6 f3 63. Kg5 f2 64. Kg6 f1=Q 65. Kg5
Qb5+ 66. Kg6 Qf1 67. Kg5 Ne2 68. Kh5 Qg1 69. Kh6 Rh4# 0-1

[Event "Junior Online 4NCL Division 4"]
[Site "online"]
[Date "2020.04.23"]
[Round "2.76"]
[White "Hurrell, Theo DR"]
[Black "Ravithas, Abinash"]
[Result "0-1"]
[WhiteElo "1375"]
[BlackElo "1285"]
[PlyCount "122"]
[EventDate "2020.04.23"]
[WhiteTeam "Watford 2"]
[BlackTeam "St Albans Early Knights 3"]

1. e4 e5 2. Nf3 Nc6 3. Bc4 Bc5 4. Nc3 Nf6 5. d3 h6 6. O-O d6 7. h3 O-O 8. Qe2
Re8 9. Be3 Bb6 10. Qd2 Bxe3 11. Qxe3 Be6 12. Rad1 Qd7 13. Nd5 Bxd5 14. exd5 Nb4
15. Qd2 Nbxd5 16. Rfe1 Nb6 17. Bb3 a5 18. Qe2 a4 19. Bc4 d5 20. Nxe5 Qe7 21.
Bb5 c6 22. Bxc6 bxc6 23. Rd2 Rac8 24. Nxc6 Qxe2 25. Rdxe2 Rxe2 26. Rxe2 Rxc6
27. c3 Kh7 28. Re7 Kg6 29. Re5 Re6 30. Rxe6 fxe6 31. Kf1 Kf5 32. Ke2 Ke5 33.
Ke3 g5 34. Kf3 d4 35. cxd4+ Kxd4 36. Ke2 Nbd5 37. Kd2 Nb4 38. a3 Nxd3 39. b3
axb3 40. a4 Nxf2 41. a5 Kc5 42. a6 Kb6 43. Kc3 Kxa6 44. Kxb3 g4 45. hxg4 N6xg4
46. Kc4 Ne3+ 47. Kc5 Nxg2 48. Kd6 h5 49. Kxe6 h4 50. Kf5 h3 51. Ke5 h2 52. Kd4
h1=Q 53. Ke5 Qe1+ 54. Kf5 Qe4+ 55. Kg5 Qg4+ 56. Kf6 Ne4+ 57. Kf7 Qf5+ 58. Kg8
Qd7 59. Kf8 Ng5 60. Kg8 Qf7+ 61. Kh8 Qh7# 0-1

[Event "Junior Online 4NCL Division 4"]
[Site "online"]
[Date "2020.04.23"]
[Round "2.77"]
[White "Owladi, Dara"]
[Black "George, Seb"]
[Result "1-0"]
[WhiteElo "1277"]
[BlackElo "1285"]
[PlyCount "61"]
[EventDate "2020.04.23"]
[WhiteTeam "St Albans Early Knights 3"]
[BlackTeam "Watford 2"]

1. e4 e5 2. Nc3 Nf6 3. f4 d6 4. fxe5 dxe5 5. Nf3 Nc6 6. Bb5 Bd6 7. O-O Bd7 8.
Bxc6 Bxc6 9. Qe2 O-O 10. d4 exd4 11. Nxd4 Re8 12. Nxc6 bxc6 13. Bg5 Qe7 14.
Bxf6 gxf6 15. Qg4+ Kh8 16. Rfe1 Rg8 17. Qh3 Qe6 18. Qh4 f5 19. exf5 Qxf5 20.
Ne4 Rg4 21. Qf6+ Qxf6 22. Nxf6 Rg6 23. Rf1 Be5 24. Nd7 Bxb2 25. Rab1 Bd4+ 26.
Kh1 Rag8 27. Rxf7 Rxg2 28. Rff1 R8g7 29. Rf8+ Rg8 30. Rxg8+ Kxg8 31. Kxg2 1-0

[Event "Junior Online 4NCL Division 4"]
[Site "online"]
[Date "2020.04.23"]
[Round "2.78"]
[White "Chadha, Ishaan"]
[Black "Demura, Dmitrii"]
[Result "0-1"]
[WhiteElo "1262"]
[BlackElo "1142"]
[PlyCount "82"]
[EventDate "2020.04.23"]
[WhiteTeam "Watford 2"]
[BlackTeam "St Albans Early Knights 3"]

1. e4 e5 2. Nf3 Nc6 3. Nc3 Bc5 4. a3 Nf6 5. d3 d6 6. Be3 Bxe3 7. fxe3 O-O 8. d4
exd4 9. Nxd4 Bg4 10. Be2 Bxe2 11. Qxe2 Nxd4 12. exd4 Re8 13. O-O-O d5 14. e5 h6
15. exf6 Rxe2 16. Nxe2 Qxf6 17. Rhf1 Qd8 18. Rd3 Qe7 19. Re3 Qxe3+ 20. Kd1 Re8
21. Re1 c5 22. dxc5 Qxc5 23. Kc1 d4 24. b4 Qc4 25. Kd1 Rc8 26. Rf1 Qxc2+ 27.
Ke1 d3 28. Kf2 dxe2 29. Re1 g5 30. Rxe2 Qf5+ 31. Ke1 Rc1+ 32. Kd2 Qc2+ 33. Ke3
Qc3+ 34. Kf2 Qd4+ 35. Kf3 g4+ 36. Kg3 Rc3+ 37. Kh4 g3+ 38. Kh3 gxh2+ 39. Kxh2
Qh4+ 40. Kg1 Rc1+ 41. Re1 Rxe1# 0-1

[Event "Junior Online 4NCL Division 4"]
[Site "online"]
[Date "2020.04.23"]
[Round "2.81"]
[White "Tathare, Rohan"]
[Black "Brady, Fearghal"]
[Result "0-1"]
[WhiteElo "1285"]
[BlackElo "1450"]
[PlyCount "90"]
[EventDate "2020.04.23"]
[WhiteTeam "Watford 3"]
[BlackTeam "St Benildus 2"]

1. e4 d6 2. d4 Nf6 3. e5 dxe5 4. Nc3 exd4 5. Nb5 e5 6. Bg5 c6 7. Na3 Qa5+ 8.
Bd2 Qc7 9. Bc4 Be6 10. Bxe6 fxe6 11. Bg5 Nbd7 12. Bxf6 Nxf6 13. Nf3 Bb4+ 14.
Nd2 Ne4 15. Nab1 O-O 16. O-O Nxd2 17. Nxd2 Be7 18. Ne4 Rf4 19. Ng3 Raf8 20. Nh5
R4f7 21. Qd2 Bf6 22. Nxf6+ Rxf6 23. c3 c5 24. cxd4 exd4 25. Rac1 Qd6 26. a3 Rh6
27. g3 Rf5 28. b3 Rfh5 29. h4 Rg6 30. Qd3 Rxh4 31. b4 Qd5 32. f3 Rxg3+ 33. Kf2
Rgh3 34. Ke1 Qe5+ 35. Qe2 Qg3+ 36. Qf2 Qxf2+ 37. Rxf2 Rh1+ 38. Rf1 Rxf1+ 39.
Kxf1 Rh1+ 40. Ke2 Rxc1 41. bxc5 Rxc5 42. Kd3 e5 43. a4 h5 44. a5 Rxa5 45. Ke4
h4 0-1